| 000 | 01161 a2200229 4500 | ||
|---|---|---|---|
| 001 | 63307 | ||
| 005 | 20260407155930.0 | ||
| 008 | 260407a2003 arg spa d | ||
| 003 | AR-UNSa-BCEJYS | ||
| 040 |
_aAR-UNSa-BCEJYS _bspa _cAR-UNSa-BCEJYS |
||
| 080 |
_a51-7 _xEstudios y métodos matemáticos en otros campos del conocimiento. Matemáticas científicas. Matemáticas actuariales (Matemáticas Financieras) |
||
| 245 | 1 | 0 |
_aOperaciones financieras con Microsoft Excel _pNociones básicas. Operaciones financieras de capital único |
| 020 | _a978-987-1046-14-0 | ||
| 264 | 1 |
_aBuenos Aires : _bOmicron System _c2003 |
|
| 300 |
_a152 p. _c21 cm. |
||
| 505 | _a1. Teoría del interés simple - 2. Régimen de capitalización compuesto – 3. Rendimiento de operaciones financieras – 4. Tasas de interés – 5. Régimen simple de actualización – 6. Régimen compuesto de actualización – 7. Tasas de descuento – 8. El impacto de la inflación en las operaciones financieras simples – | ||
| 041 | _aspa | ||
| 942 | _cBK | ||
| 590 | _aniveau_biblio:m niveau_hierar:0 | ||
| 100 | 1 | _aCasparri, María Teresa | |
| 700 | 1 | _aBernardello, Alicia Blanca | |
| 999 |
_c8106 _d8106 |
||